01199nam a2200325 i 450000100060000000300090000600500170001500800410003204000360007304100080010904600090011708000110012610000260013724501280016326000550029130000400034633600270038633700540041333800280046738000160049538000230051138800140053438800140054849000760056254600250063865000220066365800280068583000620071385600980077528074KOSZ 00520190802110035.0961010s1984 pl f |000 0 pol d cKOSZ 005aKOSZ 005dKOSZ 005/HR apol k1984 a621.431 aRawski, FelikseAutor10aPrzepływ czynnika roboczego i jego rozdział w układzie dolotowym wielocylindrowego silnika spalinowego /cFeliks Rawski. aWarszawa :bWydaw. Politechnika Warszawska,c1984. a120 s. :brysunki, tabele ;c24 cm. 2rdacontentaTekstbtxt 2rdamediaaBez urządzenia pośredniczącegobn 2rdacarrieraWoluminbnc aKsiążki aPublikacje naukowe a1901-2000 a1945-19891 aPrace Naukowe / Politechnika Warszawska. Mechanika,x0137-2335 ;vz. 87 aStreszcz. ros., ang. 4aSilniki spalinowe aInżynieria i technika 0aPrace Naukowe - Politechnika WarszawskapMechanikavz. 87 uhttp://koha.tu.koszalin.pl/cgi-bin/koha/opac-detail.pl?biblionumber=28074yKatalog online BPK